Wassadā Pañjāba; (Record no. 55380)

MARC details
000 -LEADER
fixed length control field 00688cam a22002171 4500
001 - CONTROL NUMBER
control field sa 63003950
003 - CONTROL NUMBER IDENTIFIER
control field DLC
005 - DATE AND TIME OF LATEST TRANSACTION
control field 20260227111945.0
008 - FIXED-LENGTH DATA ELEMENTS--GENERAL INFORMATION
fixed length control field 940715s1962 ii 000 0 pano
010 ## - LIBRARY OF CONGRESS CONTROL NUMBER
LC control number sa 63003950
025 ## - OVERSEAS ACQUISITION NUMBER
Overseas acquisition number PL480:I-Pu-187
035 ## - SYSTEM CONTROL NUMBER
System control number (OCoLC)30774257
040 ## - CATALOGING SOURCE
Original cataloging agency DLC
Transcribing agency CU
Modifying agency CU
-- NSyU
-- DLC
050 00 - LIBRARY OF CONGRESS CALL NUMBER
Classification number PK2656
Item number .S53
100 0# - MAIN ENTRY--PERSONAL NAME
Personal name Awatāra Siṅgha.
245 10 - TITLE STATEMENT
Title Wassadā Pañjāba;
Remainder of title Pañjābī bolīāṃ, bhaṅgaṛā te philamī loka gīta,
Statement of responsibility, etc. kartā Avatāra Siṅgha 'Pradesī.'
260 ## - PUBLICATION, DISTRIBUTION, ETC.
Place of publication, distribution, etc. Ammritasara,
Name of publisher, distributor, etc. Bhāī Jawāhara Siṅgha Kripāla Siṅgha
Date of publication, distribution, etc. [1962?]
300 ## - PHYSICAL DESCRIPTION
Extent 112 p.
Dimensions 19 cm.
500 ## - GENERAL NOTE
General note In Panjabi.
650 #0 - SUBJECT ADDED ENTRY--TOPICAL TERM
Topical term or geographic name entry element Folk songs, Panjabi.

No items available.

Powered by Koha